000 00641nam a22001817a 4500
003 UA-OsUOA
001 13876
007 ta
008 20030622b un ||||| |||| 00| 0 ukr d
100 _aГордич В.
942 _cSA
040 _aUA-OsUOA
_cUA-OsUOA
_dUA-OsUOA
245 _aМолодість і краса "Криниченьки"
_b[Про нар. ансамбль танцю "Криниченька" Палацу культури "Хімік" м. Рівного]
300 _aС.12
955 _a0
773 0 _w0
_tСім днів
_dРівне
_d2003
_g№22/30 трав./
650 7 _aАнсамблі
_2UDC
999 _c300037
_d300037